000 00335 a2200145 4500
001 171133
020 _a
040 _cMagnum
100 _aBelotur
240 1 0 _aPerfil turistico - belo horizonte - 2001
_lpor
245 1 0 _aPerfil turistico - belo horizonte - 2001
362 0 _a1899
697 _aORGANIZACAO SOCIAL
942 _cBK
999 _c171133
_d171133